INTRODUCTION LINEAR PROGRAMMING (Record no. 8577)

MARC details
000 -LEADER
fixed length control field 00559nam a22001937a 4500
003 - CONTROL NUMBER IDENTIFIER
control field OSt
005 - DATE AND TIME OF LATEST TRANSACTION
control field 20240617163252.0
008 - FIXED-LENGTH DATA ELEMENTS--GENERAL INFORMATION
fixed length control field 240617b |||||||| |||| 00| 0 eng d
020 ## - INTERNATIONAL STANDARD BOOK NUMBER
International Standard Book Number 9780824783839
040 ## - CATALOGING SOURCE
Transcribing agency MUST
082 ## - DEWEY DECIMAL CLASSIFICATION NUMBER
Classification number 519.72 DAR 1991
100 ## - MAIN ENTRY--PERSONAL NAME
Personal name Taft Earl J
9 (RLIN) 17395
245 ## - TITLE STATEMENT
Title INTRODUCTION LINEAR PROGRAMMING
Remainder of title APPLICATIONS AND EXTENTIONS
Statement of responsibility, etc. Richard B Darst
300 ## - PHYSICAL DESCRIPTION
Extent xii,353p
Other physical details ill.
Dimensions 23.5cm
440 ## - SERIES STATEMENT/ADDED ENTRY--TITLE
Title PURE AND APPLIED MATHEMATICS
9 (RLIN) 17360
504 ## - BIBLIOGRAPHY, ETC. NOTE
Bibliography, etc Appendixes and indexes
650 ## - SUBJECT ADDED ENTRY--TOPICAL TERM
Source of heading or term Linear programming
942 ## - ADDED ENTRY ELEMENTS (KOHA)
Source of classification or shelving scheme Dewey Decimal Classification
Koha item type Open Shelf
Holdings
Withdrawn status Lost status Source of classification or shelving scheme Damaged status Not for loan Home library Current library Date acquired Source of acquisition Inventory number Total Checkouts Full call number Barcode Date last seen Price effective from Koha item type
    Dewey Decimal Classification     MUST Main Library MUST Main Library 17/06/2024 purchase 07/29215   519.72 DAR 1991 2024-20707 17/06/2024 17/06/2024 Open Shelf